00340nam a2200133Ia 4500008004100000020001500041041001200056082001600068100001500084245005800099260002500157300000800182650001600190221030s9999 xx 000 0 und d a812031784X aEnglish a105.23bHag aM. Haggard 0aSurvival Guide To Web Site Developmentcby M. Haggard bPHIaNew Delhic2001 a180 aBE Computer